00701nam a2200181 u 4500001001000000003000900010005001700019008004100036020001500077020001800092040002500110245014500135260008400280500002200364942001400386952010400400999001500504000003059DO-SdBNP20210518093906.0090706s2003 dr r 000 0 spa d a9993403784 a9789993403784 aDO-SdBNPbspacBNPHU00aRecopilación jurisprudencial integrada de las decisiones de la Suprema Corte de Justicia de la República Dominicana :bmateria y tierra. aSanto Domingo :bSuprema Corte de Justicia de la República Dominicana,c2003. aIncluye índice. 2ddccLBS1 0010718PDaPDbPDcCTd2010-03-23iLF1l0o p3059-10r2020-06-25w2020-06-25yLFPDZNo se presta c2890d2890